United States of America : (Record no. 5140)

MARC details
000 -LEADER
fixed length control field 00548cam a2200205ua 4500
001 - CONTROL NUMBER
control field 5991
005 - DATE AND TIME OF LATEST TRANSACTION
control field 20260515113950.0
008 - FIXED-LENGTH DATA ELEMENTS--GENERAL INFORMATION
fixed length control field 131030n ii |||gr||||Z||||||eng
040 ## - CATALOGING SOURCE
Transcribing agency MAIN
082 ## - DEWEY DECIMAL CLASSIFICATION NUMBER
Classification number 973
100 ## - MAIN ENTRY--PERSONAL NAME
Personal name Parkes,Henry Bamford,
Relator term Author.
245 ## - TITLE STATEMENT
Title United States of America :
Remainder of title A History /
Statement of responsibility, etc. by Henry Bamford Parkes .
250 ## - EDITION STATEMENT
Edition statement 1st Reprint.
260 ## - PUBLICATION, DISTRIBUTION, ETC.
Place of publication, distribution, etc. Delhi:
Name of publisher, distributor, etc. Khosla Publishing House,
Date of publication, distribution, etc. 1986.
300 ## - PHYSICAL DESCRIPTION
Extent 805p.
653 ## - INDEX TERM--UNCONTROLLED
Uncontrolled term United States
653 ## - INDEX TERM--UNCONTROLLED
Uncontrolled term United States of America
653 ## - INDEX TERM--UNCONTROLLED
Uncontrolled term A History
942 ## - ADDED ENTRY ELEMENTS (KOHA)
Koha item type Books
Holdings
Withdrawn status Lost status Damaged status Not for loan Home library Current library Shelving location Date acquired Total checkouts Full call number Barcode Date last seen Copy number Price effective from Koha item type
        Naharkatiya College Library Naharkatiya College Library General stacks 09/19/2020   973 | PAR 3742 09/19/2020 2 09/19/2020 Books
        Naharkatiya College Library Naharkatiya College Library General stacks 09/19/2020   973 | PAR 3743 09/19/2020 1 09/19/2020 Books